000 00763nam a22002057a 4500
999 _c7668
_d7668
003 GBCCL
005 20241126110633.0
008 180910b ||||| |||| 00| 0 eng d
040 _cGBC
082 _a220.13
_bNIC
100 _aNicholls, Bruce J.
_913513
245 _aFocus on foundation :
_bthe evangelical witness to the Bible/
_cby Bruce J. Nicholls, Wesley L. Duewel, E. Ahmad-Shah.
260 _c1966.
_aNew Delhi :
_bPublished for the Evangelical Theological Commission of the Evangelical Fellowship of India by M.S. Sanstha,
300 _a70 pages ; 18 cm.
440 _aE.T.C. series, 1
_913514
650 _aBible -- Evidences, authority, etc.
_913500
650 _a Bible -- Inspiration.
_913501
650 _aRevelation.
_91795
942 _2ddc
_cBK